000 00537nam a2200193Ia 4500
008 160105s9999 xx 000 0 und d
020 _a978-2-8041-5626-8
041 _afre
245 _aCours de physique
260 _aParis
260 _bDesvigne
260 _c1968
490 _aSciences mathématiques et physiques orientées vers les applications
653 _aELECTROMAGNETISME/ MAGNETISME/ COURANT ALTERNATIF
654 _xPHYSIQUE/ELECTRICITE
942 _c09
994 _a109857
999 _c9753
_d37751